MARC

LEADER 00000nam0a2200000 4500
001 55431
005 20231101211538.0
010 |a 5256006932 
035 |a (RuTPU)RU\TPU\book\58178 
090 |a 55431 
100 |a 20030916d1990 m y0rusy50 ca 
101 0 |a rus 
102 |a RU 
105 |a a j 001zy 
200 1 |a Микросхемотехника  |e учебное пособие  |f А. Г. Алексенко, И. И. Шагурин 
205 |a 2-е изд., перераб. и доп. 
210 |a Москва  |c Радио и связь  |d 1990 
215 |a 496 с.  |c ил. 
320 |a Библиогр.: с. 492-494. 
606 1 |a Микросхемотехника  |2 stltpush  |3 (RuTPU)RU\TPU\subj\43763  |9 63206 
610 1 |a микроэлектроника 
610 1 |a микроэлектронные схемы 
610 1 |a интегральные микросхемы 
610 1 |a цифровая техника 
610 1 |a триггеры 
610 1 |a цифровые системы 
610 1 |a микропроцессоры 
610 1 |a микропроцессорные системы 
610 1 |a аналоговые интегральные схемы 
610 1 |a операционные усилители 
610 1 |a учебные пособия 
675 |a 621.382.049.77(075.8)  |v 3 
700 1 |a Алексенко  |b А. Г.  |g Андрей Геннадьевич 
701 1 |a Шагурин  |b И. И.  |g Игорь Иванович 
801 1 |a RU  |b 63413507  |c 20030916  |g PSBO 
801 2 |a RU  |b 63413507  |c 20210903  |g PSBO 
942 |c BK